Vuelta: 1969-1975
Saved in:
| Hovedforfatter: | |
|---|---|
| Format: | Bog |
| Sprog: | spansk |
| Udgivet: |
Barcelona
Seix Barral
1986
|
| Udgivelse: | 4a. ed |
| Serier: | Biblioteca Breve
|
| Fag: | |
| Tags: |
Tilføj Tag
Ingen Tags, Vær først til at tagge denne postø!
|
MARC
| LEADER | 00000nam a2200000 a 4500 | ||
|---|---|---|---|
| 001 | UCN1094 | ||
| 003 | CL-VaPUC | ||
| 008 | 010420e19860000SP |||||||||||||||||spa|d | ||
| 082 | 0 | 4 | |a Me861 |b PAZ |2 21 |
| 100 | |a Paz, Octavio |e autor |9 321638 | ||
| 245 | 1 | 0 | |a Vuelta: 1969-1975 |
| 250 | |a 4a. ed | ||
| 300 | |a 92 p | ||
| 942 | |c BK | ||
| 945 | |d 20010420 00:00:00 |a cmena | ||
| 260 | |a Barcelona |b Seix Barral |c 1986 | ||
| 650 | 7 | |a POESIAS MEXICANAS |2 CL-VaPUC |9 314784 | |
| 650 | 0 | |a Literatura mexicana |9 313097 | |
| 583 | |a last modification |c 20010420 00:00:00 |k Rodrigo Vera | ||
| 490 | 0 | |a Biblioteca Breve | |
| 999 | |c 294676 |d 294674 | ||
| 952 | |0 0 |1 0 |4 0 |6 ME_861_000000000000000_PAZ_1986 |7 0 |8 A |9 347332 |a FDOPOS |b FDOPOS |d 2019-11-20 |i 2851970 |o Me861 PAZ 1986 |p 2851970 |r 2025-01-22 |w 2019-11-20 |y BK |k MLH | ||